Microsoft Windows Vista Business Ultimate, Business y Enterprise /
Contenido: I. Instalación y configuración: 1. Introducción a Windows Vista; 2. Instalar Vista; 3. Utilización del escritorio y obtención de ayuda; 4. Navegar por la interfaz de Vista; 5. Personalizar la interfaz; 6. Instalar, ejecutar y administrar aplicaciones; 7. Usar Vista en ordenadores portátil...
Guardado en:
| Autor principal: | |
|---|---|
| Otros autores: | |
| Formato: | Libro |
| Idioma: | Inglés |
| Publicado: |
Madrid, España :
Anaya Multimedia,
2008, c2008
|
| Colección: | (La Biblia de)
|
| Temas: | |
| Etiquetas: |
Sin etiquetas, Sé el primero en etiquetar este registro!
|
MARC
| LEADER | 00000nam^a2200000^a^4500 | ||
|---|---|---|---|
| 001 | 000279553 | ||
| 005 | 20250521000000.0 | ||
| 009 | 20260310111439.149 | ||
| 020 | |a 978-84-415-2321-0 | ||
| 037 | |a Acervo ITESO - Biblioteca | ||
| 041 | |a ING | ||
| 082 | |a 005. 43 |b MIN | ||
| 100 | |a Minasi, Mark |e (autor) | ||
| 245 | 1 | 0 | |a Microsoft Windows Vista Business Ultimate, Business y Enterprise / |c M. Minasi, J.P. Mueller ; tr. por Christoffersen Santana. |
| 264 | 4 | |a Madrid, España : |b Anaya Multimedia, |c 2008, c2008 | |
| 300 | |a 1152 p. + |e 1 disco compacto de computadora | ||
| 336 | |a texto |b txt |2 rdacontenido | ||
| 337 | |a sin mediación |b n |2 rdamedio | ||
| 338 | |a volumen |b nc |2 rdasoporte | ||
| 440 | 4 | |a (La Biblia de) | |
| 500 | |a Traducción de: Mastering Windows Vista Business | ||
| 520 | |a Contenido: I. Instalación y configuración: 1. Introducción a Windows Vista; 2. Instalar Vista; 3. Utilización del escritorio y obtención de ayuda; 4. Navegar por la interfaz de Vista; 5. Personalizar la interfaz; 6. Instalar, ejecutar y administrar aplicaciones; 7. Usar Vista en ordenadores portátiles; II. Administrar aplicaciones, archivos y carpetas: 8. Administrar archivos y carpetas; 9. Instalar y trabajar con impresoras y fuentes; 10. Instalar y configurar hardware; III. Multimedia digital en Vista: 11. Reproductor de Windows Media; 12. Galería fotográfica de Windows; 13. Multimedia digital y Movie Maker; IV. Internet y correo electrónico: 14. Conectarse a Internet; 15. Navegar por la web con Internet Explorer; 16. Programas de comunicaciones; 17. Correo electrónico y grupos de discusión con Windows Mail; V. Redes domésticas: 18. Introducción a la conexión y diseño de redes en Vista; 19. Instalar y configurar su propia red; 20. Conexión de redes inalámbricas; 21. La seguridad en Vista; VI. Conexiones de red avanzadas: 22. Conectarse a un dominio; 23. Trabajar con Windows Server 2003; 24. Conectar a redes no Microsoft; VII. Administración de la red: 25. Herramientas administrativas y de diagnóstico; 26. Fundamentos de Directorio Activo; 27. Comprender y utilizar el registro; 28. Scripts para la automatización; 29. Prevención de desastres y recuperación; 30. Auditar la seguridad; VIII. Temas avanzados: 31. Telecomunicación segura; 32. Management Console de Microsoft; Apéndice: contenido del CD-ROM. | ||
| 649 | |a XX | ||
| 650 | |a Sistemas Operativos - |x Tema Principal | ||
| 650 | |a Multimedia | ||
| 650 | |a Internet | ||
| 650 | |a Redes de Computadoras | ||
| 650 | |a Comunicación en Red | ||
| 650 | |a Computadoras - |x Seguridad | ||
| 650 | |a Sistemas Computacionales | ||
| 650 | |a Ingeniería Computacional | ||
| 700 | |a Mueller, John Paul |e (autor) | ||
| 910 | |a Fondo General | ||
| 920 | |a Impresos - Libros | ||
| 930 | |a Colección General | ||
| 905 | |a 101 | ||
| 901 | |a 0500166352 |b IT1 |c ACC |u 20250521 | ||
| 901 | |a SFW0000168 |b IT2 |c SWS |u 20250521 | ||
| 902 | |a https://opac.biblio.iteso.mx/vufind/Record/000279553 | ||